• 首页
  • 本馆介绍
  • 公告通知
  • 最新文献
  • 馆藏检索
  • 电子资源
  • 读者导购
  • 参考咨询
  • 我的图书馆
  • 登录
  • 详细信息显示
  • 放入我的书架
  • 预约/预借图书
  • 作者相关作品
  • 分类相关作品
  • 丛书相关作品
  • 出版社相关作品

书目信息

  • 表格格式
  • 工作单格式
  • 卡片格式
题名:
生物史
    
 
作者: 陈世骧 编著
分册: 第四分册   生物发展的历史规律
出版信息: 北京   科学出版社  1978
页数: 130页
开本: 19cm
丛书名:
单 册:
中图分类: Q-09
科图分类:
主题词: 生物学 , 生物--发展--规律 , 生物学--理论 , 生物学--方法
电子资源:
ISBN:
000 00776nam0 2200289 45
001 0178005554
005 20040524161600.9
010    @dCNY0.35
091    @a13031.772
100    @a19950726d1978 em y0chiy0121 ea
101 0  @achi
102    @aCN@b110000
105    @ay z 000yy
106    @ar
200 10 @a生物史@Asheng wu shi@h第四分册@i生物发展的历史规律@f陈世骧编著@FChen Shi Xiang Bian Zhu
210    @a北京@c科学出版社@d1978
215    @a130页@d19cm
517 1  @a生物发展的历史规律@Asheng wu fa zhan de li shi gui lv
606    @a生物学
606    @a生物@x发展@x规律
606 0  @a生物学@x理论
606 0  @a生物学@x方法
610 0  @a生物史
690    @aQ-09
701  0 @a陈世骧@4编著
801  0 @aCN@bNLC@c20040524
905    @f1@b211715@dQ-09@e15:4
    
    生物史.第四分册.生物发展的历史规律/陈世骧编著.-北京:科学出版社,1978
    130页;19cm
    
    
    ISBN :CNY0.35
    
●
相关链接 在E读中查询图书 在五车中查询图书 在当当中查询图书 在豆瓣中查询图书


正题名:生物史     索取号:Q-09/15:4         预约/预借

序号 登录号 条形码 馆藏地/架位号 状态 备注
1 0211715   000075064   第三借阅区/ [索取号:Q-09/15:4] 在馆    
2 0211716   202106666   第二样本阅览室/ [索取号:Q-09/15:4] 在馆    
唐山师范学院图书馆 欢迎您!
大连网信软件有限公司© 版权所有